000 00291nam a2200121Ia 4500
008 190216s9999||||xx |||||||||||||| ||und||
100 _aLager K F & Bardach
245 0 _aMalsya Vijananam
260 _bKerala Bhasha Institute
_c1975
300 _a607p
650 _aZoology
942 _cBK
999 _c37651
_d37651